[Event "2 Bundesliga Ost 2007/2008"]
[Site "20 2110Bruck,3011 212Bade"]
[Date "2007.11.30"]
[Round "3"]
[Board "6"]
[White "Wiedner, Robert"]
[Black "Rogetzer, Klaus"]
[Result "1-0"]
[WhiteElo "2197"]
[BlackElo "2106"]
[PlyCount "77"]
[EventDate "2007.10.20"]
[EventType "team"]
[EventRounds "11"]
[EventCountry "AUT"]
[WhiteTeam "1 Wr NeustAedter SV"]
[BlackTeam "Austria Wien"]

1.d4 g6 2.e4 d6 3.f4 Bg7 4.Nf3 Nf6 5.Bd3 c5 6.c3 O-O 7.O-O cxd4 8.cxd4 Qb6 9.Nc3
Nc6 10.Na4 Qd8 11.h3 Bd7 12.a3 b5 13.Nc3 b4 14.Na4 Rb8 15.Bd2 a5 16.Be3 Na7
17.axb4 Rxb4 18.Rf2 Qa8 19.Nc3 a4 20.d5 Rfb8 21.Nxa4 Qb7 22.Nc3 Nc8 23.Ra2 e6
24.Rc2 Ra8 25.Rxa8 Qxa8 26.dxe6 Bxe6 27.Nd4 Ng4 28.hxg4 Bxd4 29.Bxd4 Rxd4 30.Rf2
Bc4 31.Rd2 Qa7 32.Kh2 Bxd3 33.Rxd3 Rxd3 34.Qxd3 Qf2 35.Nd5 Qxb2 36.g5 Kf8 37.Qh3
Ne7 38.Qh6+ Ke8 39.Nf6+

[Event "2 Bundesliga Ost 2007/2008"]
[Site "20 2110Bruck,3011 212Bade"]
[Date "2007.12.01"]
[Round "4"]
[Board "1"]
[White "Chernin, Alexander"]
[Black "Timoscenko, Gennadij"]
[Result "1-0"]
[WhiteElo "2587"]
[BlackElo "2487"]
[PlyCount "89"]
[EventDate "2007.10.20"]
[EventType "team"]
[EventRounds "11"]
[EventCountry "AUT"]
[WhiteTeam "Husek Wien"]
[BlackTeam "1 Wr NeustAedter SV"]

1.d4 Nf6 2.c4 g6 3.Nc3 d5 4.Nf3 Bg7 5.Qa4+ Bd7 6.Qb3 dxc4 7.Qxc4 O-O 8.h3 Na6
9.e4 c5 10.dxc5 Be6 11.Qb5 Nd7 12.Be3 Ndxc5 13.e5 Rc8 14.Rd1 Qc7 15.Be2 Rfd8
16.O-O Rxd1 17.Rxd1 Bxe5 18.Nxe5 Qxe5 19.Bf3 Qc7 20.Nd5 Bxd5 21.Rxd5 e6 22.Rd1
Qb6 23.Qxb6 axb6 24.a3 Rc7 25.Bf4 Rd7 26.Rxd7 Nxd7 27.b4 e5 28.Bh6 Nc7 29.Bxb7
f5 30.a4 Kf7 31.Be3 Ke6 32.a5 bxa5 33.bxa5 Nb8 34.g4 f4 35.Ba7 Nba6 36.Kg2 Kd6
37.Kf3 Nb5 38.Bxa6 Nxa7 39.Bb7 Nb5 40.a6 Nd4+ 41.Ke4 Nb5 42.g5 Nc3+ 43.Kd3 Nb5
44.Kc4 Na7 45.h4

[Event "2 Bundesliga Ost 2007/2008"]
[Site "20 2110Bruck,3011 212Bade"]
[Date "2007.12.01"]
[Round "4"]
[Board "3"]
[White "Beim, Valeri"]
[Black "Steiner, Bruno"]
[Result "1-0"]
[WhiteElo "2523"]
[BlackElo "2247"]
[PlyCount "91"]
[EventDate "2007.10.20"]
[EventType "team"]
[EventRounds "11"]
[EventCountry "AUT"]
[WhiteTeam "Husek Wien"]
[BlackTeam "1 Wr NeustAedter SV"]

1.g3 d5 2.Bg2 e6 3.Nf3 Nf6 4.O-O Be7 5.d3 O-O 6.c4 b6 7.cxd5 exd5 8.Nc3 Bb7
9.Bf4 Bd6 10.Qd2 a6 11.d4 Re8 12.Rfd1 Bxf4 13.Qxf4 Qd6 14.Rac1 Nbd7 15.e3 Nh5
16.Qxd6 cxd6 17.Nh4 Nhf6 18.Nf5 Re6 19.Ne2 g6 20.Rc7 Rb8 21.Nh6+ Kg7 22.Ng4 Nxg4
23.Rxd7 Nf6 24.Rc7 Ree8 25.Rdc1 Rec8 26.Nf4 Rxc7 27.Rxc7 Kf8 28.h4 h6 29.b4 Ke8
30.Bf3 Kf8 31.a3 g5 32.Bh5 Nxh5 33.Nxh5 Bc8 34.hxg5 hxg5 35.Nf6 Be6 36.Nd7+ Bxd7
37.Rxd7 Rc8 38.Rxd6 Rc3 39.Rxb6 Rxa3 40.Rd6 a5 41.b5 Rb3 42.Rxd5 a4 43.Rd8+ Ke7
44.Ra8 a3 45.b6 Kd7 46.b7

[Event "2 Bundesliga Ost 2007/2008"]
[Site "20 2110Bruck,3011 212Bade"]
[Date "2007.12.01"]
[Round "4"]
[Board "4"]
[White "Posch, Werner"]
[Black "Boros, Denes"]
[Result "1/2-1/2"]
[WhiteElo "2207"]
[BlackElo "2460"]
[PlyCount "67"]
[EventDate "2007.10.20"]
[EventType "team"]
[EventRounds "11"]
[EventCountry "AUT"]
[WhiteTeam "1 Wr NeustAedter SV"]
[BlackTeam "Husek Wien"]

1.e4 c5 2.Nc3 g6 3.g3 Bg7 4.Bg2 Nc6 5.d3 Rb8 6.Be3 d6 7.Qd2 b5 8.Nge2 b4 9.Nd1
Nf6 10.h3 O-O 11.O-O a5 12.Bh6 e6 13.Bxg7 Kxg7 14.f4 d5 15.e5 Nd7 16.Ne3 a4
17.a3 bxa3 18.bxa3 Qa5 19.Qxa5 Nxa5 20.Rfb1 Bb7 21.Rb5 Ra8 22.Rab1 Bc6 23.R5b2
Rfb8 24.d4 Rxb2 25.Rxb2 Rc8 26.Kf2 f6 27.exf6+ Nxf6 28.Rb6 Nd7 29.Ra6 Ra8
30.Rxa8 Bxa8 31.c4 Nb6 32.cxd5 cxd4 33.Nxd4 exd5 34.Ne6+

[Event "2 Bundesliga Ost 2007/2008"]
[Site "20 2110Bruck,3011 212Bade"]
[Date "2007.12.01"]
[Round "4"]
[Board "5"]
[White "Mihok, Oliver"]
[Black "Todor, Razvan"]
[Result "1-0"]
[WhiteElo "2371"]
[BlackElo "2198"]
[PlyCount "93"]
[EventDate "2007.10.20"]
[EventType "team"]
[EventRounds "11"]
[EventCountry "AUT"]
[WhiteTeam "Husek Wien"]
[BlackTeam "1 Wr NeustAedter SV"]

1.e4 e5 2.Nf3 Nf6 3.Nxe5 d6 4.Nf3 Nxe4 5.c4 Nc6 6.Nc3 Nxc3 7.dxc3 Bf5 8.Nd4 Nxd4
9.cxd4 Be7 10.Be2 O-O 11.O-O d5 12.Be3 dxc4 13.Bxc4 Bd6 14.Qb3 Rb8 15.Rfe1 Qh4
16.g3 Qg4 17.Be2 Qe4 18.Qd1 Qe7 19.Bf3 Qf6 20.Bg2 Rfd8 21.Qa4 a6 22.Rac1 c6
23.Bd2 Be6 24.Ba5 Rd7 25.Bb6 Qg5 26.Re3 Be7 27.Rce1 Bf6 28.d5 Rxd5 29.Bxd5 Qxd5
30.b3 h6 31.Qa5 Qd7 32.Bc7 Rc8 33.Be5 Bg5 34.Bf4 Bf6 35.R3e2 Bd5 36.Qd2 Qh3
37.Re8+ Rxe8 38.Rxe8+ Kh7 39.Qd3+ g6 40.f3 Qd7 41.Re2 b5 42.Be5 Qa7+ 43.Kg2 Be7
44.Bd4 Qd7 45.Bb2 h5 46.Qe3 Bd8 47.Qe8

[Event "2 Bundesliga Ost 2007/2008"]
[Site "20 2110Bruck,3011 212Bade"]
[Date "2007.12.01"]
[Round "4"]
[Board "6"]
[White "Wiedner, Robert"]
[Black "Kummer, Helmut"]
[Result "1-0"]
[WhiteElo "2197"]
[BlackElo "2373"]
[PlyCount "109"]
[EventDate "2007.10.20"]
[EventType "team"]
[EventRounds "11"]
[EventCountry "AUT"]
[WhiteTeam "1 Wr NeustAedter SV"]
[BlackTeam "Husek Wien"]

1.c4 Nf6 2.Nc3 e5 3.g3 Nc6 4.Bg2 g6 5.e4 Bg7 6.Nge2 d6 7.d3 O-O 8.h4 h6 9.f3 Nd4
10.Be3 c5 11.Qd2 Be6 12.Nd1 Nh5 13.Bxd4 cxd4 14.g4 Nf6 15.Ng3 Nd7 16.Nf2 Nc5
17.h5 Qg5 18.Qxg5 hxg5 19.Bf1 a5 20.Be2 a4 21.Kd2 b5 22.Kc2 Rfc8 23.b3 Bf6
24.Kb2 Rcb8 25.hxg6 fxg6 26.Kc2 Rb7 27.b4 Na6 28.a3 Rc8 29.Rac1 Rbc7 30.Kb2 bxc4
31.dxc4 Bxc4 32.Bxc4+ Rxc4 33.Rxc4 Rxc4 34.Rc1 Rc7 35.Rxc7 Nxc7 36.Nd3 Kf7
37.Nf1 Na8 38.Nd2 Nb6 39.Kc2 Ke6 40.Nb2 d5 41.Kd3 Be7 42.exd5+ Kxd5 43.Ndc4 Nxc4
44.Nxc4 Ke6 45.Kc2 Bf8 46.Nb2 e4 47.fxe4 Ke5 48.Kd3 Kf4 49.Nxa4 Kxg4 50.Nc5 Kf3
51.Ne6 Be7 52.Nxd4+ Kf2 53.e5 g4 54.e6 g3 55.b5

[Event "2 Bundesliga Ost 2007/2008"]
[Site "20 2110Bruck,3011 212Bade"]
[Date "2007.12.01"]
[Round "4"]
[Board "1"]
[White "Videki, Sandor"]
[Black "Beckhuis, Gernod"]
[Result "1-0"]
[WhiteElo "2420"]
[BlackElo "2350"]
[PlyCount "125"]
[EventDate "2007.10.20"]
[EventType "team"]
[EventRounds "11"]
[EventCountry "AUT"]
[WhiteTeam "SPG Data Technology Eichgraben/P"]
[BlackTeam "Austria Wien"]

1.c4 e6 2.Nc3 d5 3.d4 Nf6 4.cxd5 exd5 5.Bg5 Be7 6.e3 O-O 7.Bd3 Nbd7 8.Nf3 Re8
9.Qc2 Nf8 10.h3 Be6 11.Kf1 c6 12.Bf4 Ng6 13.Bh2 Nd7 14.Rb1 Rc8 15.b4 Kh8 16.Nd2
Nh4 17.g3 Ng6 18.g4 Ngf8 19.a4 Nf6 20.Ne2 Bd6 21.Bxd6 Qxd6 22.Qc5 Qb8 23.Kg2 Ne4
24.Qc2 f5 25.f3 Nxd2 26.Qxd2 Ng6 27.Qe1 Rf8 28.g5 Bd7 29.h4 Rce8 30.h5 Ne7
31.Nf4 Qd6 32.Qg3 Kg8 33.Kf2 Nc8 34.Rhe1 Nb6 35.a5 Nc4 36.Bxc4 dxc4 37.h6 g6
38.Ne2 Qxg3+ 39.Nxg3 b5 40.Ne2 Re7 41.Nc3 Be6 42.Re2 Kf7 43.Rbe1 Rd8 44.Kg3 Rdd7
45.Rd1 Ke8 46.e4 a6 47.Kf4 Kd8 48.d5 cxd5 49.exd5 Bf7 50.d6 Rxe2 51.Nxe2 Bg8
52.Nc3 Ra7 53.Re1 Rd7 54.Ke5 Kc8 55.Nd5 Bxd5 56.Kxd5 Kd8 57.f4 Ra7 58.Kc5 Rf7
59.Re6 Ra7 60.Kb6 Ra8 61.Re7 c3 62.Kb7 c2 63.Rc7

[Event "2 Bundesliga Ost 2007/2008"]
[Site "20 2110Bruck,3011 212Bade"]
[Date "2007.12.01"]
[Round "4"]
[Board "2"]
[White "Hangweyrer, Manfred"]
[Black "Ganaus, Hannes"]
[Result "1/2-1/2"]
[WhiteElo "2382"]
[BlackElo "2294"]
[PlyCount "47"]
[EventDate "2007.10.20"]
[EventType "team"]
[EventRounds "11"]
[EventCountry "AUT"]
[WhiteTeam "Austria Wien"]
[BlackTeam "SPG Data Technology Eichgraben/P"]

1.e4 c6 2.Nc3 d5 3.Nf3 Bg4 4.h3 Bxf3 5.Qxf3 e6 6.Be2 Nf6 7.O-O Nxe4 8.Nxe4 dxe4
9.Qxe4 Nd7 10.d4 Nf6 11.Qd3 Be7 12.c4 O-O 13.Be3 Qc7 14.Rfd1 Rfd8 15.Qb3 Rd7
16.Bf3 Rad8 17.Rac1 Qb8 18.g3 h6 19.Kg2 Bd6 20.Re1 Bc7 21.Qc3 a5 22.Rcd1 Qa8
23.h4 Qa6 24.Rd3

[Event "2 Bundesliga Ost 2007/2008"]
[Site "20 2110Bruck,3011 212Bade"]
[Date "2007.12.01"]
[Round "4"]
[Board "3"]
[White "Neumeier, Klaus"]
[Black "Staudner, Oliver"]
[Result "1/2-1/2"]
[WhiteElo "2273"]
[BlackElo "2404"]
[PlyCount "28"]
[EventDate "2007.10.20"]
[EventType "team"]
[EventRounds "11"]
[EventCountry "AUT"]
[WhiteTeam "SPG Data Technology Eichgraben/P"]
[BlackTeam "Austria Wien"]

1.e4 e6 2.d4 d5 3.Nd2 dxe4 4.Nxe4 Nd7 5.Nf3 Ngf6 6.Nxf6+ Nxf6 7.c3 c5 8.Be3 Qc7
9.Bd3 Bd6 10.O-O O-O 11.Qe2 b6 12.Bg5 Bb7 13.Bxf6 gxf6 14.Be4 Rfd8

[Event "2 Bundesliga Ost 2007/2008"]
[Site "20 2110Bruck,3011 212Bade"]
[Date "2007.12.01"]
[Round "4"]
[Board "4"]
[White "Plachetka, Jan"]
[Black "Weissenbeck, Manuel"]
[Result "1/2-1/2"]
[WhiteElo "2398"]
[BlackElo "2264"]
[PlyCount "72"]
[EventDate "2007.10.20"]
[EventType "team"]
[EventRounds "11"]
[EventCountry "AUT"]
[WhiteTeam "Austria Wien"]
[BlackTeam "SPG Data Technology Eichgraben/P"]

1.d4 Nf6 2.Nf3 e6 3.g3 c5 4.Bg2 Nc6 5.O-O Be7 6.c4 cxd4 7.Nxd4 O-O 8.Nc3 Qb6
9.Ndb5 d5 10.Be3 Qa5 11.cxd5 exd5 12.Qb3 Bg4 13.Rfd1 Rad8 14.Bf4 Rd7 15.Nxd5
Nxd5 16.Rxd5 Rxd5 17.Bxd5 Bxe2 18.Nd6 Nd8 19.Nxb7 Nxb7 20.Qxb7 Bc5 21.Rc1 Bb6
22.Bb3 h6 23.Qd5 Qxd5 24.Bxd5 Rd8 25.Be4 g5 26.Be3 Bxe3 27.fxe3 Bb5 28.Bf5 Kg7
29.Rc2 Rd1+ 30.Kg2 h5 31.h4 g4 32.b3 Re1 33.e4 Bd3 34.Rc5 Re2+ 35.Kg1 Re1+
36.Kf2 Re2+

[Event "2 Bundesliga Ost 2007/2008"]
[Site "20 2110Bruck,3011 212Bade"]
[Date "2007.12.01"]
[Round "4"]
[Board "5"]
[White "Pichler, Michael"]
[Black "Rogetzer, Klaus"]
[Result "1-0"]
[WhiteElo "2170"]
[BlackElo "2106"]
[PlyCount "67"]
[EventDate "2007.10.20"]
[EventType "team"]
[EventRounds "11"]
[EventCountry "AUT"]
[WhiteTeam "SPG Data Technology Eichgraben/P"]
[BlackTeam "Austria Wien"]

1.e4 d6 2.d4 Nf6 3.Nc3 g6 4.Be3 c6 5.h3 Bg7 6.Qd2 b5 7.Bd3 Nbd7 8.Nf3 e5 9.dxe5
dxe5 10.a4 b4 11.Ne2 Qe7 12.O-O O-O 13.Ng3 Bb7 14.Bh6 Rfe8 15.Rfe1 Rad8 16.Bxg7
Kxg7 17.Qg5 Kh8 18.Bc4 Nb6 19.Bb3 a5 20.Qe3 c5 21.Ng5 c4 22.Qxb6 cxb3 23.cxb3
Rd3 24.Rac1 Bc8 25.Re3 Rxe3 26.Qxe3 Be6 27.Rc5 Bxb3 28.Rxa5 Be6 29.Rxe5 Qd6
30.Qc5 Qxc5 31.Rxc5 h6 32.Nxe6 Rxe6 33.Rb5 Nxe4 34.Rxb4

[Event "2 Bundesliga Ost 2007/2008"]
[Site "20 2110Bruck,3011 212Bade"]
[Date "2007.12.01"]
[Round "4"]
[Board "1"]
[White "Sulyok, Michael"]
[Black "Papp, Gabor"]
[Result "0-1"]
[WhiteElo "2255"]
[BlackElo "2489"]
[PlyCount "64"]
[EventDate "2007.10.20"]
[EventType "team"]
[EventRounds "11"]
[EventCountry "AUT"]
[WhiteTeam "SK Advisory Invest Baden"]
[BlackTeam "ASVOe SK Mattersburg"]

1.c4 e6 2.Nf3 d5 3.g3 Nf6 4.Bg2 Be7 5.O-O O-O 6.Qc2 c5 7.d4 Nc6 8.cxd5 Nb4 9.Qd1
Qxd5 10.a3 Nc6 11.Nc3 Qh5 12.dxc5 Bxc5 13.b4 Rd8 14.Qa4 Bd4 15.Bb2 b5 16.Qc2 Bb7
17.Rad1 Rab8 18.Rd2 Bb6 19.Rxd8+ Rxd8 20.Ne4 Nxe4 21.Qxe4 Na5 22.Qe5 Qxe5
23.Nxe5 Bxg2 24.Kxg2 Nb3 25.Nd3 f6 26.Rb1 Nd2 27.Ra1 Nc4 28.Bc3 Rc8 29.Be1 e5
30.Kf3 f5 31.e4 Nd6 32.Nxe5 Bd4

[Event "2 Bundesliga Ost 2007/2008"]
[Site "20 2110Bruck,3011 212Bade"]
[Date "2007.12.01"]
[Round "4"]
[Board "2"]
[White "Petran, Peter"]
[Black "Miniboeck, Guenter"]
[Result "1/2-1/2"]
[WhiteElo "2360"]
[BlackElo "2355"]
[PlyCount "130"]
[EventDate "2007.10.20"]
[EventType "team"]
[EventRounds "11"]
[EventCountry "AUT"]
[WhiteTeam "ASVOe SK Mattersburg"]
[BlackTeam "SK Advisory Invest Baden"]

1.g3 c5 2.Bg2 Nc6 3.f4 d5 4.d3 Nf6 5.c3 g6 6.Nh3 Bg7 7.O-O O-O 8.Nf2 e5 9.e4
dxe4 10.dxe4 Ng4 11.Qe2 Nxf2 12.Qxf2 exf4 13.gxf4 b6 14.Na3 Ba6 15.Re1 Qc7
16.Nc2 Rad8 17.Ne3 Ne7 18.f5 f6 19.Ng4 Bb7 20.fxg6 Nxg6 21.Nh6+ Kh8 22.Nf5 Rg8
23.Kh1 Ne5 24.Qh4 Qf7 25.Bh6 Bf8 26.Bxf8 Qxf8 27.Re2 Ng6 28.Qf2 Ne7 29.Ng3 Rg6
30.Rd2 Rxd2 31.Qxd2 Nc6 32.Rd1 Ne5 33.Qf4 Bc8 34.Rd5 Qe7 35.Qd2 Rg8 36.Qf4 Rd8
37.Nh5 Nd7 38.Qd6 Qxd6 39.Rxd6 Rf8 40.Bh3 Ne5 41.Bxc8 Rxc8 42.Nxf6 Rf8 43.Re6
Nd3 44.b3 Kg7 45.Nh5+ Kf7 46.Rf6+ Ke7 47.Rxf8 Kxf8 48.Kg2 Nc1 49.a4 Nxb3 50.Kf3
Nd2+ 51.Ke3 Nc4+ 52.Kd3 Nb2+ 53.Kc2 Nxa4 54.Kb3 b5 55.c4 a6 56.cxb5 axb5 57.Nf6
h6 58.Nd5 Kf7 59.Nc7 c4+ 60.Kb4 c3 61.Kb3 Nc5+ 62.Kxc3 Nxe4+ 63.Kd4 Ng5 64.Nxb5
Nf3+ 65.Ke4 Nxh2

[Event "2 Bundesliga Ost 2007/2008"]
[Site "20 2110Bruck,3011 212Bade"]
[Date "2007.12.01"]
[Round "4"]
[Board "3"]
[White "Schneider Zinner, Harald"]
[Black "Brod, Manfred"]
[Result "1-0"]
[WhiteElo "2330"]
[BlackElo "2198"]
[PlyCount "73"]
[EventDate "2007.10.20"]
[EventType "team"]
[EventRounds "11"]
[EventCountry "AUT"]
[WhiteTeam "SK Advisory Invest Baden"]
[BlackTeam "ASVOe SK Mattersburg"]

1.Nf3 d5 2.c4 d4 3.e3 Nc6 4.b4 dxe3 5.fxe3 Nxb4 6.Qa4+ Nc6 7.d4 e6 8.Nc3 Bb4
9.Bd2 Nge7 10.Rb1 Bxc3 11.Bxc3 O-O 12.Bd3 b6 13.Qc2 g6 14.O-O a5 15.a3 Qd6
16.Bb2 f6 17.Nd2 Qd8 18.Qc3 Nf5 19.Be4 Bd7 20.g4 Nd6 21.g5 f5 22.Bxc6 Bxc6 23.d5
Qxg5+ 24.Kh1 e5 25.Qxe5 Qh6 26.dxc6 Rae8 27.Qd5+ Rf7 28.Bd4 Qh5 29.c5 bxc5
30.Bxc5 Qe2 31.Bxd6 cxd6 32.Rb7 Ref8 33.Rxf7 Rxf7 34.c7 Qa6 35.Nc4 Kg7 36.c8=Q
Qxc8 37.Qxf7+

[Event "2 Bundesliga Ost 2007/2008"]
[Site "20 2110Bruck,3011 212Bade"]
[Date "2007.12.01"]
[Round "4"]
[Board "4"]
[White "Riedner, Martin"]
[Black "Brandner, Stefan"]
[Result "1-0"]
[WhiteElo "2190"]
[BlackElo "2318"]
[PlyCount "43"]
[EventDate "2007.10.20"]
[EventType "team"]
[EventRounds "11"]
[EventCountry "AUT"]
[WhiteTeam "ASVOe SK Mattersburg"]
[BlackTeam "SK Advisory Invest Baden"]

1.c4 e5 2.g3 c6 3.d4 exd4 4.Qxd4 d5 5.cxd5 cxd5 6.Bg2 Nf6 7.Nf3 Nc6 8.Qa4 Bc5
9.O-O O-O 10.Bg5 h6 11.Bxf6 Qxf6 12.Nc3 Be6 13.Qb5 Qe7 14.Na4 Bb4 15.e3 a6
16.Qb6 Rac8 17.Rac1 Bg4 18.Nc3 Rfd8 19.Nd4 Be6 20.Nce2 Ne5 21.Nxe6 fxe6 22.Nd4

[Event "2 Bundesliga Ost 2007/2008"]
[Site "20 2110Bruck,3011 212Bade"]
[Date "2007.12.01"]
[Round "4"]
[Board "5"]
[White "Herndlbauer, Martin"]
[Black "Salamon, Werner"]
[Result "1/2-1/2"]
[WhiteElo "2134"]
[BlackElo "2147"]
[PlyCount "37"]
[EventDate "2007.10.20"]
[EventType "team"]
[EventRounds "11"]
[EventCountry "AUT"]
[WhiteTeam "SK Advisory Invest Baden"]
[BlackTeam "ASVOe SK Mattersburg"]

1.d4 d5 2.c4 e6 3.Nc3 Nf6 4.cxd5 exd5 5.Bg5 c6 6.e3 Bf5 7.Qf3 Bg6 8.Bxf6 Qxf6
9.Qxf6 gxf6 10.Nge2 Bd6 11.g3 Nd7 12.Rc1 Nf8 13.h4 Ne6 14.Bh3 Bd3 15.O-O a5
16.Rfd1 Ba6 17.Bf5 O-O 18.a3 Bc4 19.Bd3

[Event "2 Bundesliga Ost 2007/2008"]
[Site "20 2110Bruck,3011 212Bade"]
[Date "2007.12.01"]
[Round "4"]
[Board "1"]
[White "Varga, Zoltan"]
[Black "Groetz, Harald"]
[Result "0-1"]
[WhiteElo "2506"]
[BlackElo "2321"]
[PlyCount "156"]
[EventDate "2007.10.20"]
[EventType "team"]
[EventRounds "11"]
[EventCountry "AUT"]
[WhiteTeam "ASVOe SK Lackenbach"]
[BlackTeam "SV Stockerau"]

1.e4 c5 2.Nf3 d6 3.d4 cxd4 4.Nxd4 Nf6 5.f3 Nc6 6.c4 Qb6 7.Nc2 Nb4 8.Nxb4 Qxb4+
9.Nc3 e6 10.Qb3 Qc5 11.Qb5+ Qc6 12.Be3 Be7 13.Be2 O-O 14.Qxc6 bxc6 15.O-O-O Rd8
16.Rd2 d5 17.exd5 cxd5 18.cxd5 Nxd5 19.Nxd5 exd5 20.Rhd1 Bf5 21.Bd3 Be6 22.Kb1
a5 23.Bb5 Bb4 24.Re2 Rab8 25.Ba4 h6 26.Ka1 Bd6 27.g3 Rb4 28.Bc2 Be5 29.Bd3 Bf6
30.Bf4 a4 31.Be5 Bxe5 32.Rxe5 Rdb8 33.Rd2 Kf8 34.f4 Rd4 35.Ree2 Bg4 36.Bb1 Rbb4
37.Rf2 Rxd2 38.Rxd2 Bf3 39.b3 a3 40.Bc2 Ke7 41.Kb1 Kd6 42.Bd3 Kc5 43.Kc2 Be4
44.Kc3 f5 45.h4 d4+ 46.Kc2 Kd5 47.Re2 Rb6 48.Kd2 Rg6 49.Bc4+ Kc5 50.Bd3 Kd5
51.Bc4+ Kd6 52.Bd3 Bxd3 53.Kxd3 Rxg3+ 54.Kc4 Rf3 55.Rg2 Rxf4 56.Rxg7 Rxh4 57.Rg2
Ke5 58.Re2+ Re4 59.Rh2 h5 60.Rxh5 Re2 61.Rh8 Rxa2 62.Re8+ Kd6 63.Kxd4 f4 64.Rf8
Rc2 65.Rf6+ Kc7 66.Ra6 a2 67.Ke4 Kb7 68.Ra5 Kb6 69.b4 Kc6 70.Rc5+ Kb7 71.Rb5+
Ka6 72.Ra5+ Kb6 73.Kf5 Rb2 74.Kg4 Rf2 75.Kf5 f3 76.Kf4 Rb2 77.Kxf3 Rb3+ 78.Ke2
Rh3

[Event "2 Bundesliga Ost 2007/2008"]
[Site "20 2110Bruck,3011 212Bade"]
[Date "2007.12.01"]
[Round "4"]
[Board "2"]
[White "Batyte, Daiva"]
[Black "Hagara, Eduard"]
[Result "0-1"]
[WhiteElo "2198"]
[BlackElo "2372"]
[PlyCount "92"]
[EventDate "2007.10.20"]
[EventType "team"]
[EventRounds "11"]
[EventCountry "AUT"]
[WhiteTeam "SV Stockerau"]
[BlackTeam "ASVOe SK Lackenbach"]

1.Nf3 d5 2.b3 Bf5 3.Bb2 e6 4.g3 Nf6 5.Bg2 Bd6 6.c4 h6 7.d3 O-O 8.Nbd2 Bh7 9.O-O
c5 10.Re1 Nc6 11.e4 dxe4 12.dxe4 e5 13.Nh4 Re8 14.Nf5 Bc7 15.Nf1 Nd4 16.N1e3 Ba5
17.Rf1 Qc7 18.Nd5 Nxd5 19.Bxd4 exd4 20.cxd5 Bxf5 21.exf5 Qe5 22.Qd3 Bc3 23.Rad1
a6 24.a4 Rab8 25.Qf3 b5 26.axb5 axb5 27.Bh3 Red8 28.Bg2 c4 29.bxc4 bxc4 30.Qe4
Qxe4 31.Bxe4 Kf8 32.f3 Ke7 33.Rf2 Kd6 34.Ra2 Ra8 35.Rc2 Kc5 36.h4 Ra3 37.Rdc1
Kb4 38.Kf1 d3 39.Rb1+ Kc5 40.Rcc1 Kd4 41.Rb7 Bd2 42.Rd1 c3 43.Rc7 f6 44.g4 Ra4
45.Kf2 Rc4 46.Rc6 c2

[Event "2 Bundesliga Ost 2007/2008"]
[Site "20 2110Bruck,3011 212Bade"]
[Date "2007.12.01"]
[Round "4"]
[Board "3"]
[White "Vass, Frantisek"]
[Black "Schmid, Thomas"]
[Result "1-0"]
[WhiteElo "2417"]
[BlackElo "2181"]
[PlyCount "65"]
[EventDate "2007.10.20"]
[EventType "team"]
[EventRounds "11"]
[EventCountry "AUT"]
[WhiteTeam "ASVOe SK Lackenbach"]
[BlackTeam "SV Stockerau"]

1.d4 Nf6 2.Bg5 e6 3.Nf3 h6 4.Bh4 c5 5.e3 Nc6 6.Nbd2 cxd4 7.exd4 d5 8.c3 Be7
9.Bd3 Bd7 10.Ne5 Qb6 11.O-O Nxe5 12.dxe5 Ng8 13.Bg3 h5 14.Bf4 Qxb2 15.Qe2 Qb6
16.c4 g5 17.Be3 Qc7 18.cxd5 Qxe5 19.dxe6 Bxe6 20.Nf3 Qg7 21.Bb5+ Kf8 22.Nd4 Bg4
23.f3 Bc8 24.Rac1 Bf6 25.Rxc8+ Rxc8 26.Nf5 Qg6 27.Bc5+ Ne7 28.Bxe7+ Bxe7
29.Qxe7+ Kg8 30.Qe5 Kh7 31.Ne7 Qb6+ 32.Kh1 Rc5 33.Bd3+

[Event "2 Bundesliga Ost 2007/2008"]
[Site "20 2110Bruck,3011 212Bade"]
[Date "2007.12.01"]
[Round "4"]
[Board "4"]
[White "Sadilek, Maximilian"]
[Black "Ranits, Franz"]
[Result "1/2-1/2"]
[WhiteElo "2156"]
[BlackElo "2214"]
[PlyCount "69"]
[EventDate "2007.10.20"]
[EventType "team"]
[EventRounds "11"]
[EventCountry "AUT"]
[WhiteTeam "SV Stockerau"]
[BlackTeam "ASVOe SK Lackenbach"]

1.d4 Nf6 2.Nf3 g6 3.c4 Bg7 4.Nc3 d5 5.g3 c6 6.Bg2 O-O 7.cxd5 cxd5 8.O-O Nc6
9.Ne5 e6 10.f4 Nd7 11.Be3 f6 12.Nxd7 Bxd7 13.Rc1 Rc8 14.Kh1 Ne7 15.Bg1 Bc6 16.b4
Qd7 17.Qb3 b6 18.Rfe1 Rfe8 19.Rc2 Nf5 20.Rec1 Nd6 21.a4 Ne4 22.b5 Bb7 23.Na2
Rxc2 24.Rxc2 Rc8 25.Nb4 Bf8 26.Be3 Bxb4 27.Rxc8+ Qxc8 28.Bxe4 dxe4 29.Qxb4 Qc2
30.Qe7 Qd1+ 31.Kg2 Qxe2+ 32.Kh3 Qh5+ 33.Kg2 Qf3+ 34.Kh3 Bd5 35.Qxf6

[Event "2 Bundesliga Ost 2007/2008"]
[Site "20 2110Bruck,3011 212Bade"]
[Date "2007.12.01"]
[Round "4"]
[Board "5"]
[White "Stranz, Richard"]
[Black "Wiedermann, Franz"]
[Result "1/2-1/2"]
[WhiteElo "2226"]
[BlackElo "2135"]
[PlyCount "91"]
[EventDate "2007.10.20"]
[EventType "team"]
[EventRounds "11"]
[EventCountry "AUT"]
[WhiteTeam "ASVOe SK Lackenbach"]
[BlackTeam "SV Stockerau"]

1.e4 d5 2.exd5 Qxd5 3.Nc3 Qa5 4.d4 Nf6 5.Nf3 Bf5 6.Ne5 c6 7.g4 Be6 8.Nc4 Qc7
9.h3 Nbd7 10.Qf3 Nd5 11.Ne4 b5 12.Ne3 Nxe3 13.Bxe3 Bd5 14.Bd3 e5 15.Qg3 Be7
16.O-O O-O 17.a4 a6 18.axb5 axb5 19.Nc3 Bc4 20.Bxc4 bxc4 21.Qf3 Rfb8 22.Rxa8
Rxa8 23.Qe2 exd4 24.Bxd4 Re8 25.Qxc4 Qf4 26.Ne2 Qf3 27.Qd3 Qxd3 28.cxd3 c5
29.Bc3 Bf6 30.Bxf6 gxf6 31.Ng3 Rb8 32.Ne4 Rxb2 33.Rc1 Rb3 34.Nxc5 Nxc5 35.Rxc5
Rxd3 36.Kg2 Kg7 37.Rf5 Rc3 38.Rf3 Rc5 39.Kg3 h5 40.Rf5 Rc3+ 41.f3 hxg4 42.Kxg4
Kg6 43.h4 Rc4+ 44.f4 Rc1 45.h5+ Kg7 46.Kf3

[Event "2 Bundesliga Ost 2007/2008"]
[Site "20 2110Bruck,3011 212Bade"]
[Date "2007.12.01"]
[Round "4"]
[Board "1"]
[White "Vyskocil, Neklan"]
[Black "Kleiser, Gregor"]
[Result "1-0"]
[WhiteElo "2308"]
[BlackElo "2323"]
[PlyCount "109"]
[EventDate "2007.10.20"]
[EventType "team"]
[EventRounds "11"]
[EventCountry "AUT"]
[WhiteTeam "SK Zwettl"]
[BlackTeam "SV Tschaturanga Neubau"]

1.e4 c5 2.Nf3 e6 3.d4 cxd4 4.Nxd4 a6 5.c4 Nf6 6.Bd3 Qb6 7.Nf3 d6 8.O-O Qc7 9.Nc3
Nbd7 10.Qe2 g6 11.Rd1 Bg7 12.Bf4 O-O 13.Rac1 b6 14.Bb1 Ne5 15.Nxe5 dxe5 16.Be3
Bb7 17.f3 Bc6 18.Qf2 Rab8 19.Nd5 Bxd5 20.cxd5 Qd6 21.Rc6 Qd7 22.Rxb6 Rxb6
23.Bxb6 exd5 24.exd5 Rb8 25.Bc5 Rc8 26.b4 a5 27.Bc2 axb4 28.Bb3 Qb5 29.Be7 Nd7
30.Qa7 Bf8 31.d6 Rc3 32.Ba4 Qe2 33.Qf2 Qc4 34.Bxd7 Rc2 35.Bb5 Qxa2 36.Qf1 Qa7+
37.Kh1 Bxe7 38.dxe7 Qxe7 39.Ba4 Rb2 40.Qd3 Kg7 41.Qe3 Qf6 42.h3 h5 43.Bb3 Qf4
44.Qxf4 exf4 45.Bc4 Rc2 46.Rd4 Rc3 47.Bd5 b3 48.Rb4 g5 49.Rb7 b2 50.Rxb2 Rc1+
51.Kh2 f5 52.Be6 Kf6 53.Rb6 Rc5 54.Bd7+ Ke7 55.Rb5

[Event "2 Bundesliga Ost 2007/2008"]
[Site "20 2110Bruck,3011 212Bade"]
[Date "2007.12.01"]
[Round "4"]
[Board "2"]
[White "Wukits, Rene"]
[Black "Wagner, Stefan"]
[Result "1-0"]
[WhiteElo "2302"]
[BlackElo "2103"]
[PlyCount "82"]
[EventDate "2007.10.20"]
[EventType "team"]
[EventRounds "11"]
[EventCountry "AUT"]
[WhiteTeam "SV Tschaturanga Neubau"]
[BlackTeam "SK Zwettl"]

1.d4 Nf6 2.Nf3 e6 3.g3 c5 4.c3 b6 5.Bg2 Bb7 6.Nbd2 Be7 7.O-O O-O 8.Qa4 d6 9.Re1
Qc7 10.e4 e5 11.dxe5 dxe5 12.Nh4 g6 13.Qb3 a6 14.a4 Nc6 15.Nc4 Nd7 16.Bh6 Rfd8
17.Nf3 Na5 18.Nxa5 bxa5 19.Bf1 Nb6 20.Nxe5 Qxe5 21.Qxb6 Rd7 22.Bh3 Bd8 23.Qb3
Re7 24.Bf4 Qh5 25.Bg2 Bc6 26.Rad1 Rb7 27.Qa2 Bg5 28.Rd5 Bxd5 29.Qxd5 Rab8
30.Bxb8 Rxb8 31.e5 Be7 32.Qd7 Kf8 33.Qd2 Qg4 34.Re4 Qe6 35.Bf1 Qb3 36.Bc4 Qxb2
37.Qf4 Qb1+ 38.Kg2 Ke8 39.Qxf7+ Kd8 40.Re3 Rb7 41.Bxa6 Rd7